Statistics for Countries by clue:

Click here to take the quiz!

General Stats

  • This quiz has been taken 26 times
  • The average score is 11 of 15

Answer Stats

ClueCountry% Correct
maple syrupcanada
100%
riobrazil
96%
pyramidsegypt
87%
pastaitaly
87%
vodkarussia
87%
sum ting wongchina
83%
tequilamexico
78%
kiwinew zealand
78%
tallest buildingunited arab emirates
78%
cuppa tea?united kingdom
74%
baseballjapan
70%
fat peopleusa
70%
yoghurtgreece
61%
oi oi oiaustralia
48%
pitaindia
26%

Score Distribution

Percentile by Number Answered

Percent of People with Each Score

Your Score History

You have not taken this quiz